جوهر الكنز : (Record no. 30632)

MARC details
000 -LEADER
fixed length control field 00642nam a22001817a 4500
005 - DATE AND TIME OF LATEST TRANSACTION
control field 20251108165543.0
008 - FIXED-LENGTH DATA ELEMENTS--GENERAL INFORMATION
fixed length control field 250721s1983 xx 000 0 ara d
082 14 - DEWEY DECIMAL CLASSIFICATION NUMBER
Classification number م/414/أثي
100 1# - MAIN ENTRY--PERSONAL NAME
Personal name إبن الاثير، نجم الدين أحمد بن إسماعيل
245 10 - TITLE STATEMENT
Title جوهر الكنز :
Remainder of title تلخيص كنز البراعة في أدوات ذوي اليراعة /
264 1# - PRODUCTION, PUBLICATION, DISTRIBUTION, MANUFACTURE, AND COPYRIGHT NOTICE
Place of production, publication, distribution, manufacture الاسكندرية :
Name of producer, publisher, distributor, manufacturer منشأة المعارف،
Date of production, publication, distribution, manufacture, or copyright notice 1983.
300 ## - PHYSICAL DESCRIPTION
Extent 699ص
650 17 - SUBJECT ADDED ENTRY--TOPICAL TERM
Topical term or geographic name as entry element اللغة العربية
650 17 - SUBJECT ADDED ENTRY--TOPICAL TERM
Topical term or geographic name as entry element البلاغة
700 1# - ADDED ENTRY--PERSONAL NAME
Personal name سلام، محمد زغلول
Relator term تحقيق
942 ## - ADDED ENTRY ELEMENTS (KOHA)
Source of classification or shelving scheme Dewey Decimal Classification
Koha item type References
Holdings
حالة السحب حالة الفقدان مصدر التصنيف حالة التلف غير قابل للإعارة المكتبة الرئيسية المكتبة الحالية موقع الرف تاريخ التزويد الرقم المتسلسل Total Checkouts رقم الإستدعاء الباركود تاريخ آخر ظهور تاريخ الفاتورة نوع المادة (كوها)
    Dewey Decimal Classification   Not For Loan مكتبة الأميرة ايمان العامة مكتبة الأميرة ايمان العامة مراجع 03/10/2013 [4001]   م/414/أثي PLD00282016 28/07/2025 03/10/2013 References
Implemented & Customized by: BBB with SCIT (Smart Chains for Information Technology)

Powered by Koha